000 01376nam a22004577a 4500
001 BR2024001514
003 BR-BrBNA
005 20240529165850.0
008 240529b bl.||||| |||| 00| 0 por d
040 _aBR-BrBNA
_bpor
041 _apor
072 _aM12 ; D50 ; E50
_b8310
090 _a8310 BR2024001514
100 0 _aAraújo, Rogério César Pereira de
100 0 _aMagalhães, Flávia Castelo Batista
100 0 _aLeite, Djane Alcântara Barbosa
100 0 _aAlencar, Paulo Emerson Dias de
110 _aUniversidade Federal do Ceará, Fortaleza (Brasil)
245 _aAnálise dos impactos sociais, do arcabouço institucional e legal, e dos conflitos socioambientais da carcinicultura
260 _aFortaleza, CE (Brasil)
_c2007
300 _a195 p.
500 _aAnexos (eng, por); 31 ref.; 6 illus.; 37 tables
650 _aCARCINICULTURA
650 _aCAMARÃO
650 _aMANGUE
650 _aNORDESTE
650 _aIMPACTO AMBIENTAL
650 _aIMPACTO SOCIAL
650 _aIMPACTO ECONÔMICO
650 _aECOSSISTEMA
650 _aPLANEJAMENTO
650 _aZONEAMENTO
650 _aASSISTÊNCIA TÉCNICA
650 _aEXTENSÃO RURAL
650 _aSOCIOLOGIA RURAL
650 _aTECNOLOGIA
650 _aSEGURANÇA ALIMENTAR
650 _aLEGISLAÇÃO
909 _a202405
_bFernando
942 _cBK
999 _c299857
_d299857